Statistiken für Die 20 kanonischen Aminosäuren

Klicken Sie hier um das Quiz zu spielen!

Allgemein

  • Dieses Quiz wurde 262 mal gespielt
  • Das Durchschnittsergebnis liegt bei 14 aus 20

Antwortstatistiken

Antwort% Korrekt
1.Alanin
87%
11.Leucin
81%
3.Asparagin
78%
10.Isoleucin
78%
20.Valin
78%
12.Lysin
77%
6.Glutamin
75%
16.Serin
75%
4.Asparaginsäure
74%
9.Histidin
73%
14.Phenylalanin
73%
8.Glycin
70%
18.Tryptophan
70%
7.Glutaminsäure
69%
13.Methionin
69%
2.Arginin
66%
5.Cystein
66%
15.Prolin
63%
17.Threonin
63%
19.Tyrosin
63%

Verteilung der Resultate

Perzentil nach korrekt beantworteten Fragen

Anzahl Personen mit jedem Resultat

Ihre Resultats-Entwicklung

Sie haben dieses Quiz noch nicht gespielt